[Event "BdF-Smaragd 10 email"]
[Site "GER email"]
[Date "2019.06.19"]
[Round "?"]
[White "Kaytazki, Lyubomir"]
[Black "Luethi, Thomas"]
[Result "0-1"]
[WhiteElo "1421"]
[BlackElo "1921"]
[PlyCount "56"]
[EventDate "2019.??.??"]
[EventType "tourn (corr)"]
[EventRounds "16"]
[EventCountry "GER"]
[SourceTitle "Corr 2020"]
[Source "ChessBase"]
[SourceDate "2019.09.30"]
[SourceVersion "1"]
[SourceVersionDate "2019.09.30"]
[SourceQuality "1"]

1. Na3 e5 2. Nc4 e4 3. Ne3 d5 4. d4 Nf6 5. g3 c5 6. Bh3 cxd4 7. Qxd4 Nc6 8. Qd1 d4 9. Nf1 Bxh3 10. Nxh3 Qa5+ 11. Bd2 Qf5 12. Nf4 g5 13. Ng2 0-0-0 14. h3 e3 15. Nfxe3 dxe3 16. Nxe3 Qe5 17. Qc1 Ne4 18. Bc3 Nxc3 19. bxc3 Qxc3+ 20. Kf1 Bc5 21. Kg2 Rd2 22. Rd1 Bxe3 23. Rxd2 Bxd2 24. Qd1 Nd4 25. Rb1 Re8 26. e3 Qc6+ 27. f3 Rxe3 28. Rb3 Re2+ 0-1

[Event "BdF-Smaragd 10 email"]
[Site "GER email"]
[Date "2019.06.19"]
[Round "?"]
[White "Luethi, Thomas"]
[Black "Baron, Margaret"]
[Result "1-0"]
[WhiteElo "1921"]
[BlackElo "1831"]
[PlyCount "47"]
[EventDate "2019.??.??"]
[EventType "tourn (corr)"]
[EventRounds "16"]
[EventCountry "GER"]
[SourceTitle "Corr 2022"]
[Source "ChessBase"]
[SourceDate "2021.10.24"]
[SourceVersion "1"]
[SourceVersionDate "2021.10.24"]
[SourceQuality "1"]

1. e4 e6 2. d4 c5 3. Nf3 cxd4 4. Nxd4 Nf6 5. Nc3 Nc6 6. Ndb5 Bb4 7. a3 Bxc3+ 8. Nxc3 d5 9. exd5 exd5 10. Bd3 0-0 11. 0-0 Bg4 12. f3 Qb6+ 13. Kh1 Bh5 14. Bg5 Rae8 15. Bxf6 gxf6 16. Nxd5 Qxb2 17. Rb1 Re5 18. Nxf6+ Kg7 19. Nxh5+ Rxh5 20. Rxb2 Na5 21. f4 Nc6 22. Qxh5 Kf6 23. Rxb7 Rd8 24. Qxf7# 1-0

[Event "GER OS-356 email"]
[Site "GER email"]
[Date "2018.10.07"]
[Round "?"]
[White "Ruppelt, Karl Heinz"]
[Black "Luethi, Thomas"]
[Result "1/2-1/2"]
[WhiteElo "1874"]
[BlackElo "1496"]
[PlyCount "90"]
[EventDate "2018.10.19"]
[EventType "tourn (corr)"]
[EventRounds "6"]
[EventCountry "GER"]
[SourceTitle "Corr 2022"]
[Source "ChessBase"]
[SourceDate "2021.10.24"]
[SourceVersion "1"]
[SourceVersionDate "2021.10.24"]
[SourceQuality "1"]

1. d4 d5 2. c4 e6 3. Nc3 Nf6 4. Nf3 Bb4 5. Qb3 c5 6. dxc5 Nc6 7. Bg5 Qa5 8. Bxf6 dxc4 9. Qxc4 gxf6 10. Rc1 Qxc5 11. Qf4 Ke7 12. g3 e5 13. Qh6 Bxc3+ 14. bxc3 Be6 15. Qd2 Rad8 16. Qb2 Rd7 17. e3 Qd5 18. Qa3+ Rd6 19. Be2 Qxa2 20. Qxa2 Bxa2 21. c4 Rhd8 22. 0-0 a5 23. c5 R6d7 24. Ra1 Be6 25. Rfb1 Bf5 26. Rb2 Kf8 27. Kg2 Be4 28. Ra4 f5 29. Kf1 f6 30. Rb6 Rd5 31. Rxb7 Rxc5 32. Rxh7 Rc1+ 33. Kg2 Rd5 34. g4 Rc2 35. gxf5 Nb4 36. Rh4 Bxf5 37. e4 Rdc5 38. exf5 Rxe2 39. Rh8+ Ke7 40. Rh7+ Kd6 41. Rh6 Nd5 42. Ng5 Kc6 43. Ne4 Rcc2 44. Kf3 Kb5 45. Ra1 Ra2 1/2-1/2

[Event "GER Cup19 sf11 serv"]
[Site "GER email"]
[Date "2013.07.14"]
[Round "?"]
[White "Luethi, Thomas"]
[Black "Green, Michael"]
[Result "0-1"]
[WhiteElo "1368"]
[BlackElo "1893"]
[PlyCount "84"]
[EventDate "2013.07.20"]
[EventType "tourn (corr)"]
[EventRounds "6"]
[EventCountry "GER"]
[SourceTitle "Corr 2015"]
[Source "ChessBase"]
[SourceDate "2015.07.17"]
[SourceVersion "1"]
[SourceVersionDate "2015.07.17"]
[SourceQuality "1"]

1. e4 c5 2. Nf3 a6 3. c3 d6 4. d4 h6 5. dxc5 dxc5 6. Qxd8+ Kxd8 7. Bc4 e6 8. 0-0 Bd6 9. Rd1 Ke7 10. a3 Nd7 11. Nbd2 Ngf6 12. b4 b5 13. Bd3 Bb7 14. Bb2 c4 15. Bc2 Ne5 16. a4 Nxf3+ 17. Nxf3 Nxe4 18. Re1 Nf6 19. Nd4 Bc7 20. axb5 axb5 21. Nxb5 Rxa1 22. Rxa1 Bb6 23. Na3 Rc8 24. Re1 Ng4 25. Re2 f6 26. h3 Ne5 27. Kf1 g5 28. Rd2 h5 29. Bd1 g4 30. Be2 gxh3 31. gxh3 Rg8 32. Nxc4 Bg2+ 33. Ke1 Bxh3 34. Rd1 Nxc4 35. Bxc4 h4 36. Ba3 Rg1+ 37. Kd2 Bxf2 38. Rxg1 Bxg1 39. b5+ Kd7 40. Ke1 Bg2 41. Bf1 h3 42. c4 f5 0-1

[Event "GER Cup19 sf11 serv"]
[Site "GER email"]
[Date "2013.07.14"]
[Round "?"]
[White "Luethi, Thomas"]
[Black "Scheiba, Manfred"]
[Result "0-1"]
[WhiteElo "1368"]
[BlackElo "2088"]
[PlyCount "72"]
[EventDate "2013.07.20"]
[EventType "tourn (corr)"]
[EventRounds "6"]
[EventCountry "GER"]
[SourceTitle "Corr 2015"]
[Source "ChessBase"]
[SourceDate "2015.07.17"]
[SourceVersion "1"]
[SourceVersionDate "2015.07.17"]
[SourceQuality "1"]

1. e4 c6 2. d4 d5 3. Nd2 dxe4 4. Nxe4 Bf5 5. Ng3 Bg6 6. h4 h6 7. Nf3 Nd7 8. h5 Bh7 9. Bd3 Bxd3 10. Qxd3 e6 11. Bd2 Ngf6 12. Ne4 Nxe4 13. Qxe4 Nf6 14. Qe2 Be7 15. 0-0-0 Qd5 16. c4 Qe4 17. Rde1 Qxe2 18. Rxe2 0-0 19. g3 b5 20. c5 Rfd8 21. Bc3 a5 22. b3 Nd5 23. Ba1 a4 24. bxa4 Rxa4 25. Ne5 Nb4 26. Kb1 Bf6 27. f4 Rda8 28. Rhh2 Bxe5 29. dxe5 Nd5 30. Rc2 Rb4+ 31. Bb2 Ra3 32. Rcg2 Rf3 33. Rg1 Nc3+ 34. Ka1 Ne4 35. g4 Rxf4 36. Bc1 Rf2 0-1

[Event "GER OL-263 email"]
[Site "GER email"]
[Date "2011.??.??"]
[Round "?"]
[White "Ganzer, Michael"]
[Black "Luethi, Thomas"]
[Result "1-0"]
[WhiteElo "1578"]
[BlackElo "1800"]
[PlyCount "45"]
[EventDate "2011.??.??"]
[EventType "tourn (corr)"]
[EventRounds "6"]
[EventCountry "GER"]
[SourceTitle "Corr 2015"]
[Source "ChessBase"]
[SourceDate "2015.07.17"]
[SourceVersion "1"]
[SourceVersionDate "2015.07.17"]
[SourceQuality "1"]
[WhiteTeam "Germany"]
[BlackTeam "Germany"]
[WhiteTeamCountry "GER"]
[BlackTeamCountry "GER"]

1. e4 e5 2. Nf3 f5 3. exf5 Nc6 4. d4 d6 5. Bb5 e4 6. d5 a6 7. Nd4 Bd7 8. dxc6 axb5 9. Qh5+ g6 10. fxg6 Nf6 11. g7+ Nxh5 12. cxd7+ Qxd7 13. gxh8Q 0-0-0 14. a4 bxa4 15. Qg8 Bh6 16. Qb3 Bxc1 17. Rxa4 Kb8 18. Qa3 Qxa4 19. Qxa4 Bxb2 20. Nb5 Be5 21. Qa7+ Kc8 22. Qa8+ Kd7 23. Qxb7 1-0